000 02374nam a22002417a 4500
003 URS
005 20250210092306.0
008 250210b |||||||| |||| 00| 0 eng d
050 0 0 _aLG 221.R59
_b.T3401 2023
100 1 _aMarquez, Fred Mhark A.
_eResearcher
245 1 0 _aThe establishment of banana balls in Montalban Town Center, Montalban Rizal/
_cFred Mhark A. Marquez, Christallyn Keith L. Tibatib, Patricia D. Togno [and] Jazzley Jhen Hennessy V. Waje
260 1 _c2023
300 _axxi, 208 leaves;
_billustrations,
_c28cm.
336 _2rdacontent
_atext
337 _2rdamedia
_aunmediated
338 _2rdacarrier
_avolume
500 _a
502 _aUndergraduate theses
_bBachelor of Science in Business Administration Major in Human Resource Management
_cUniversity of Rizal System Rodriguez, Rizal
_dyear of 2023
520 _aThe name "Banana Balls was originally created by the owner to emphasize that the banana is the main ingredient of the food product and for the customer to visualize that it is molded into the shape of a circle that's why it is called "Banana Balls" The proponents conceptualized so hard what product they would choose. what product is right for them, the product that they can afford to produce and for their customers can afford to buy. The proponents created "Banana Balls" which aims to introduce a healthy snack product that will cater to a new innovative banana recipe with the incorporation of different flavors. The Banana Balls have a variety of fillings such as Cheesy Balls, Milky Balis, and Choco Balls in order for customers to choose their desired flavor The proponents also offered calamansi lemonade for their drinks. The Banana Balls will be situated close to the fun house in Montalban, Rizal, on the second floor of the Footbridge of the Montalban Town Center. In today's era, Montalban Town Center is one of the famous shopping malls, grocery stores, and food services in Montalban, Rizal, which has a huge number of people always passing by. The target market of the business is the residents of Montalban, Rizal who are aged 10 years old and above. Students and all the Employees working in/nearby Montalban Town Center
650 _2establishment - banana balls
700 _aChristallyn Keith L. Tibatib, Patricia D. Togno [and] Jazzley Jhen Hennessy V. Waje
_eResearchers
942 _2lcc
_cT
999 _c82067
_d82066